书目信息 |
| 题名: |
绿色贝雷帽
|
|
| 作者: | 晓树 编著 | |
| 分册: | ||
| 出版信息: | 北京 台海出版社 2011.09 |
|
| 页数: | 280页 | |
| 开本: | 25cm | |
| 丛书名: | ||
| 单 册: | ||
| 中图分类: | E712.56 | |
| 科图分类: | ||
| 主题词: | 特种部队--介绍--美国 , 特种部队 | |
| 电子资源: | ||
| ISBN: | 978-7-80141-845-6 | |
| 000 | 00909nam0 2200265 45 | |
| 001 | 1360549999 | |
| 005 | 20130531101827.76 | |
| 010 | @a978-7-80141-845-6@dCNY36.00 | |
| 100 | @a20130513d2011 em y0chiy50 ea | |
| 101 | 0 | @achi |
| 102 | @aCN@b110000 | |
| 105 | @aa z 000yy | |
| 106 | @ar | |
| 200 | 1 | @a绿色贝雷帽@ALu^ Se Bei Lei Mao@e美国特种部队@EMei Guo Te Zhong Bu Dui@f晓树编著@FXiao Shu Bian Zhu |
| 210 | @a北京@c台海出版社@d2011.09 | |
| 215 | @a280页@c图@d25cm | |
| 300 | @a每一个士兵都是精英中的精英 | |
| 330 | @a本书内容包括特种部队的创建与发展;特种部队的装备和训练;特种部队的特种手段;七大王牌特种部队;特种作战剪影;美国特种部队的未来。 | |
| 517 | 1 | @a美国特种部队@AMei Guo Te Zhong Bu Dui |
| 606 | 0 | @a特种部队@x介绍@y美国 |
| 606 | 0 | @a特种部队 |
| 690 | @aE712.56@v5 | |
| 701 | 0 | @a晓树@AXiao Shu@4编著 |
| 801 | @aCN@bTANGWEI@c20130523 | |
| 905 | @b0835254-57@dE712.56@e87@f4 | |
| 绿色贝雷帽:美国特种部队/晓树编著.-北京:台海出版社,2011.09 |
| 280页:图;25cm |
| 每一个士兵都是精英中的精英 |
| ISBN 978-7-80141-845-6:CNY36.00 |
| 本书内容包括特种部队的创建与发展;特种部队的装备和训练;特种部队的特种手段;七大王牌特种部队;特种作战剪影;美国特种部队的未来。 |
| ● |
| 相关链接 |
|
|
|
|
正题名:绿色贝雷帽
索取号:E712.56/87
 
预约/预借
| 序号 | 登录号 | 条形码 | 馆藏地/架位号 | 状态 | 备注 |
| 1 | 0835254 | 208352548 | 第一样本阅览室/ [索取号:E712.56/87] | 在馆 | |
| 2 | 0835255 | 208352557 | 第一借阅区/ [索取号:E712.56/87] | 在馆 | |
| 3 | 0835256 | 208352566 | 第一借阅区/ [索取号:E712.56/87] | 在馆 | |
| 4 | 0835257 | 208352575 | 第一借阅区/ [索取号:E712.56/87] | 在馆 |